000
00290nam a22001337a 4500
008
171214b xxu||||| |||| 00| 0 eng d
020
_a
093598965X
041
_a
eng
080
_a
37
100
_a
46
101
_a
EDU
245
_a
EAZLY VIOLENCE PREVENTION
_c
SLABY,R.G
942
_2
udc
_c
BK
999
_c
38918
_d
38918